Thực hành kỹ thuật cơ điện lạnh
Na minha lista:
| Autor principal: | |
|---|---|
| Formato: | Livro |
| Idioma: | Undetermined |
| Publicado em: |
Đà Nẵng
Nhà xuất bản Đà Nẵng
2004
|
| Assuntos: | |
| Tags: |
Adicionar Tag
Sem tags, seja o primeiro a adicionar uma tag!
|
| Thư viện lưu trữ: | Trung tâm Học liệu Trường Đại học Cần Thơ |
|---|
| LEADER | 00593nam a2200193Ia 4500 | ||
|---|---|---|---|
| 001 | CTU_94856 | ||
| 008 | 210402s9999 xx 000 0 und d | ||
| 020 | |c 48000 | ||
| 082 | |a 621.56 | ||
| 082 | |b S105 | ||
| 100 | |a Trần, Thế San | ||
| 245 | 0 | |a Thực hành kỹ thuật cơ điện lạnh | |
| 245 | 0 | |c Trần Thế San, Nguyễn Đức Phấn | |
| 260 | |a Đà Nẵng | ||
| 260 | |b Nhà xuất bản Đà Nẵng | ||
| 260 | |c 2004 | ||
| 650 | |a Low temperature engineering | ||
| 904 | |i Truc | ||
| 980 | |a Trung tâm Học liệu Trường Đại học Cần Thơ | ||